Central Library OPAC University of Rajshahi

Economic principles : (Record no. 51251)

MARC details
000 -LEADER
fixed length control field 00672nam a2200229 a 4500
001 - CONTROL NUMBER
control field 51251
003 - CONTROL NUMBER IDENTIFIER
rucl marc code BD-RjUL
005 - DATE AND TIME OF LATEST TRANSACTION
control field 20211209075630.0
008 - FIXED-LENGTH DATA ELEMENTS--GENERAL INFORMATION
fixed length control field 160830s1986 us a|||| b||| 001 0 eng d
035 ## - SYSTEM CONTROL NUMBER
System control number (BD-RjUL)51371
040 ## - CATALOGING SOURCE
Original cataloging agency BD-RjUL
Language of cataloging eng
Transcribing agency BD-RjUL
041 ## - LANGUAGE CODE
Language code of text/sound track or separate title eng
082 ## - DEWEY DECIMAL CLASSIFICATION NUMBER
Edition number 23
Classification number 330
Author mark and year KOE 1986
100 ## - MAIN ENTRY--PERSONAL NAME
Personal name Koch, A. Robert
9 (RLIN) 153318
245 ## - TITLE STATEMENT
Title Economic principles :
Remainder of title growth and environment /
Statement of responsibility, etc. A Robert Koch
260 ## - PUBLICATION, DISTRIBUTION, ETC. (IMPRINT)
Place of publication, distribution, etc. Westport :
Name of publisher, distributor, etc. Avi Publishing,
Date of publication, distribution, etc. c1986
300 ## - PHYSICAL DESCRIPTION
Pagination xii, 212 p. :
Illustrations ill. ;
Size 22 cm.
504 ## - BIBLIOGRAPHY, ETC. NOTE
Bibliography, etc Includes bibliography and index
650 ## - SUBJECT ADDED ENTRY--TOPICAL TERM
Topical term or geographic name as entry element Economics.
9 (RLIN) 153319
Topical term or geographic name as entry element Economic development.
9 (RLIN) 153320
942 ## - ADDED ENTRY ELEMENTS (KOHA)
Source of classification or shelving scheme Dewey Decimal Classification
Koha item type Books
Holdings
Lost status Source of classification or shelving scheme Damaged status Not for loan Collection code Permanent Location Current Location Shelving location Date acquired Source of acquisition Total Checkouts Full call number Date last seen Copy number Koha item type
  Dewey Decimal Classification     Non-fiction Central Library, University of Rajshahi Central Library, University of Rajshahi   10/09/1989 Asia Foundation   330 KOE 1986 30/08/2016 C-2 Books
  Dewey Decimal Classification     Non-fiction Central Library, University of Rajshahi Central Library, University of Rajshahi   10/09/1989 Asia Foundation   330 KOE 1986 30/08/2016 C-3 Books